| 000 | 00792nam a2200241Ia 4500 | ||
|---|---|---|---|
| 999 |
_c35359 _d35359 |
||
| 001 | 1212 | ||
| 003 | GE_BSU | ||
| 005 | 20241004103818.0 | ||
| 008 | 181216s2005||||ge |||||||||||||| ||geo|| | ||
| 010 | _a9994077597 | ||
| 020 | _a9994077597 | ||
| 040 | _cGE_BSU | ||
| 041 | _ageo | ||
| 080 | _a574 მ-743 | ||
| 100 |
_aმიქაძე, ირკლი _923316 |
||
| 245 |
_aეკოლოგია / _cი. მიქაძე; რედ.: გ. ელიავა. |
||
| 264 |
_aთბილისი : _bსაქ-ს ხარისხის მართვის უნ-ტი, _c2005. |
||
| 300 | _a100 გვ.19 სმ. | ||
| 541 | _h10 ლ. | ||
| 653 | _aეკოლოგია | ||
| 700 |
_aელიავა, გ. _eრედაქტორი _923317 |
||
| 942 |
_cBK _2udc |
||